Ancient monuments of the Mississippi Valley: (Record no. 43768)
[ view plain ]
| 000 -LEADER | |
|---|---|
| fixed length control field | 01386cam a2200313 4500 |
| 001 - CONTROL NUMBER | |
| control field | 298027 |
| 005 - DATE AND TIME OF LATEST TRANSACTION | |
| control field | 20180928141651.0 |
| 008 - FIXED-LENGTH DATA ELEMENTS--GENERAL INFORMATION | |
| fixed length control field | 730212r19731848nyua 000 0 eng |
| 010 ## - LIBRARY OF CONGRESS CONTROL NUMBER | |
| LC control number | 72004998 |
| 020 ## - INTERNATIONAL STANDARD BOOK NUMBER | |
| International Standard Book Number | 0404573029 |
| 020 ## - INTERNATIONAL STANDARD BOOK NUMBER | |
| International Standard Book Number | 0404573525 |
| 040 ## - CATALOGING SOURCE | |
| Original cataloging agency | DLC |
| Transcribing agency | DLC |
| Modifying agency | DLC |
| 043 ## - GEOGRAPHIC AREA CODE | |
| Geographic area code | n-usm-- |
| -- | n-uso-- |
| 100 1# - MAIN ENTRY--PERSONAL NAME | |
| Personal name | Squier, E. G. |
| Fuller form of name | (Ephraim George), |
| Dates associated with a name | 1821-1888. |
| 245 10 - TITLE STATEMENT | |
| Title | Ancient monuments of the Mississippi Valley: |
| Remainder of title | comprising the results of extensive original surveys and explorations, |
| Statement of responsibility, etc | by E. George Squier and E. H. Davis. With a new introd. by James B. Griffin. |
| 260 ## - PUBLICATION, DISTRIBUTION, ETC. (IMPRINT) | |
| Place of publication, distribution, etc | New York : |
| Name of publisher, distributor, etc | Published by AMS Press for Peabody Museum of Archaeology and Ethnology, Harvard University, Cambridge, |
| Date of publication, distribution, etc | c1974. |
| 300 ## - PHYSICAL DESCRIPTION | |
| Extent | xxxix, 306 p. |
| Other physical details | illus. |
| Dimensions | 27 cm. |
| 336 ## - CONTENT TYPE | |
| Content Type Term | text |
| 337 ## - MEDIA TYPE | |
| Media Type Term | unmediated |
| 338 ## - CARRIER TYPE | |
| Carrier Type Term | volume |
| 440 #0 - SERIES STATEMENT/ADDED ENTRY--TITLE | |
| Title | Antiquities of the New World, |
| Volume number/sequential designation | v. 2 |
| 500 ## - GENERAL NOTE | |
| General note | Reprint of the 1848 ed., which was issued as v. 1 of Smithsonian contributions to knowledge, and as no. 1 of Smithsonian Institution publications. |
| 650 #0 - SUBJECT ADDED ENTRY--TOPICAL TERM | |
| Topical term or geographic name as entry element | Mounds |
| Geographic subdivision | Mississippi River Valley. |
| 651 #0 - SUBJECT ADDED ENTRY--GEOGRAPHIC NAME | |
| Geographic name | Mississippi River Valley |
| General subdivision | Antiquities. |
| 651 #0 - SUBJECT ADDED ENTRY--GEOGRAPHIC NAME | |
| Geographic name | Ohio River Valley |
| General subdivision | Antiquities. |
| 700 1# - ADDED ENTRY--PERSONAL NAME | |
| Personal name | Davis, E. H. |
| Fuller form of name | (Edwin Hamilton), |
| Dates associated with a name | 1811-1888, |
| Relator term | joint author. |
| 810 2# - SERIES ADDED ENTRY--CORPORATE NAME | |
| Corporate name or jurisdiction name as entry element | Smithsonian Institution. |
| Title of a work | Smithsonian contributions to knowledge, |
| Volume/sequential designation | v. 1. |
| 942 ## - ADDED ENTRY ELEMENTS (KOHA) | |
| Source of classification or shelving scheme | Library of Congress Classification |
| Item type | Books |
| Withdrawn status | Lost status | Source of classification or shelving scheme | Damaged status | Not for loan | Home library | Current library | Shelving location | Date acquired | Source of acquisition | Serial Enumeration / chronology | Inventory number | Total Checkouts | Full call number | Barcode | Date last seen | Price effective from | Koha item type |
|---|---|---|---|---|---|---|---|---|---|---|---|---|---|---|---|---|---|
| Library of Congress Classification | BSOP Library | BSOP Library | GC | 09/28/2018 | Donated by Dr. David and Oprah Weisberg | v.II | 43334 | E78 Sq4 1973 | 00054334 | 09/28/2018 | 09/28/2018 | Books |
